Statistics for Animals that start with W.

Click here to take the quiz!

General Stats

  • This quiz has been taken 1,498 times
    (1,229 since last reset)
  • The average score is 5 of 12

Answer Stats

HintAnswer% Correct
Arctic mammal that has twin tuskswalrus
90%
Related to the bumblebeewasp
83%
What Pumbaa iswarthog
76%
What Dory attempts to speak in Finding Nemowhale
68%
Australian marsupialswombat
41%
A common pest beetleweevil
29%
Freshwater fish that is native to North Americawalleye
28%
Edible sea snailwhelk
23%
Another name for a puppywhelp
22%
Large antelope found in Saharan Africawaterbuck
4%
Has two w's, two o's, two p's, two i's and two l's in its namewhippoorwill
4%
The password to enter Gryffindor Towerwattlebird
3%

Score Distribution

Percentile by Number Answered

Percent of People with Each Score

Your Score History

You have not taken this quiz since the last reset